Guess the 1980s song lyrics #1 - Statistics

General Stats
  • This quiz has been taken 328 times
  • The average score is 56 of 148
Answer Stats
% Correct
I
97%
a
94%
The
88%
the
88%
you
85%
in
75%
me
74%
and
73%
love
73%
to
68%
on
67%
is
65%
can
63%
who
60%
your
60%
for
53%
hear
53%
no
50%
are
49%
I'm
47%
there
45%
us
45%
it's
41%
This
39%
will
36%
see
35%
don't
34%
out
33%
just
29%
them
27%
now
22%
Now
22%
come
21%
our
21%
won't
21%
baby
20%
I've
20%
arms
18%
going
18%
let
18%
Hold
17%
Well
16%
looking
15%
Yeah
14%
lover
13%
more
13%
wanna
13%
times
12%
light
11%
world
11%
wind
10%
find
8%
seen
8%
blowing
7%
rain
7%
Turn
7%
ain't
6%
Cover
6%
cover
6%
door
6%
getting
6%
Hey
6%
let's
6%
whole
6%
tough
5%
tougher
5%
wild
5%
rough
4%
rougher
4%
anymore
3%
bolt
3%
driving
3%
enough
3%
promise
3%
score
3%
shut
3%
snow
3%
trying
3%
blind
2%
Outside's
2%
No matching quizzes found
Score Distribution
Percent of People with Each Score
Percentile by Number Answered
Your Score History
You have not taken this quiz